000 00407nam a22001697a 4500
003 MPLRDC
005 20220104123951.0
008 210129b ||||| |||| 00| 0 eng d
082 _a173.8 ZJR
100 _a张九如
245 _a群众心理与群众领导
_c
250 _a二版
260 _a
_b台湾商务印书馆
_c1964
300 _b
650 _a集体心理学
942 _cBK
_o173.8 ZJR
999 _c15596
_d15586